000
00265nam a22001097a 4500
082
_a
355 CHA'C
100
_a
CHANDLER, DAVID G
_9
48650
245
_a
THE CAMPAIGNS OF NAPOLEON
260
_a
LONDON
_b
WEIDENFELD & NICOLSON
_c
1967
300
_a
VOL1&2 584P
942
_c
BK
999
_c
581814
_d
581814